000 01236nam a2200349Ia 4500
005 20220317000324.0
007 ta
008 210916r20122021ck 0 ser 0f spad d
020 _a9789588773216
040 _aCO-BoRNBP
_bspa
_erda
_cCO-BoRNBP
041 1 _aspa
_heng
084 _aN COE1
100 1 _aCoetzee, John Maxwell
_d1940-
_eautor
245 1 0 _aDesgracia
_cJ. M. Coetzee ; traducido por Miguel Martínez-Lage
250 _aSegunda edición
_bPrimera reimpresión, Sexta reimpresión, Octava reimpresión
264 4 _aBogotá
_bDebolsillo
_bPenguin Random House
_c2013
_c2019
_c2021
300 _a270 páginas
_c22 cm
336 _atexto
_btxt
_2rdacontent
337 _asin mediación
_bn
_2rdamedia
338 _avolumen
_bnc
_2rdacarrier
490 0 _aContemporánea
521 _aRecomendado para un público adulto
534 _tDisgrace
545 _aIncluye datos biográficos del autor al inicio del texto
586 _aAutor galardonado con el Premio Nobel Literatura, 2003
650 1 7 _aNovela sudafricana
_2LEMB
650 1 7 _aLiteratura sudafricana
_2LEMB
650 1 7 _aAutores sudafricanos
_2LEMB
650 1 7 _aVejez
_vNovela
_2LEMB
700 1 _aMartinez-Lage, Miguel
_etraductor
_918900
942 _2loc
_cBKLIT
999 _c3719
_d3719